Analýza konkurenčného prostredia v slovenskom priemysle
Uložené v:
| Hlavný autor: | |
|---|---|
| Ďalší autori: | |
| Médium: | Kapitola |
| Jazyk: | Slovak |
| Tagy: |
Žiadne tagy, Buďte prvý, kto otaguje tento záznam!
|
MARC
| LEADER | 00000naa$a2200000$$$4500 | ||
|---|---|---|---|
| 001 | 0095456 | ||
| 005 | 20240502083241.6 | ||
| 041 | 0 | |a slo | |
| 044 | |a CZ | ||
| 245 | 1 | 0 | |a Analýza konkurenčného prostredia v slovenskom priemysle |c Ladislav Unčovský, Ivan Brezina |
| 100 | 1 | |a Unčovský, Ladislav | |
| 700 | 1 | |a Brezina, Ivan, 1963- | |